Statistics for 25 Most Populated Cities by Future Years

Click here to take the quiz!

General Stats

  • This quiz has been taken 1,354 times
  • The average score is 28 of 42

Answer Stats

PopulationCity% Correct
20.6 mil, 24.8 milNew York City
98%
36.4 mil, 32.6 milTokyo
97%
22.5 mil, 36.2 milDelhi
94%
14.6 mil,16.0 milBeijing
92%
15.6 mil, 24.8 milCairo
91%
19.4 mil, 21.3 milShanghai
91%
13.7 mil, 16.4 milLos Angeles
90%
21.0 mil, 24.3 milMexico City
90%
26.4 mil, 42.4 milMumbai
90%
15.8 mil, 32.6 milLagos
89%
11.3 milMoscow
89%
13.4 milRio de Janeiro
86%
12.3 mil, 15.9 milJakarta
85%
21.4 mil, 22.8 milSão Paulo
84%
12.1 milIstanbul
82%
11.8 milGuangzhou
79%
20.6 mil, 33.0 milKolkata
78%
13.8 mil, 15.6 milBuenos Aires
77%
16.8 mil, 35.0 milKinshasa
76%
22.0 mil, 36.2 milDhaka
74%
14.8 mil, 23.6 milManila
74%
19.1 mil, 31.7 milKarachi
73%
11.3 milOsaka
73%
28.4 milNairobi
69%
23.8 milAddis Ababa
65%
10.5 mil, 17.5 milLahore
61%
16.2 milChennai
59%
16.0 milDar es Salaam
59%
15.6 milBangalore
57%
16.0 milKhartoum
56%
15.1 milBaghdad
49%
12.2 milKampala
46%
36.3 milMogadishu
44%
17.1 milKabul
41%
28.2 milKano
37%
10.2 milShenzhen
37%
37.8 milLusaka
33%
12.3 milNiamey
31%
28.8 milN'Djamena
25%
41.4 milLilongwe
18%
27.2 milSana'a
16%
40.9 milBlantyre
9%

Score Distribution

Percentile by Number Answered

Percent of People with Each Score

Your Score History

You have not taken this quiz